000 01136cam a2200313 i 4500
001 408873
003 URS
005 20260326151010.0
008 810108r19811976dcua b 001 0 eng
010 _a 80006198
020 _a0819114359 (pbk.) :
_c$10.00
020 _a0819114340 (hard) :
_c$19.25
020 _a9780819114358
020 _a9780819114341
040 _aDLC
_cDLC
_dURS
_beng
_erda
050 1 0 _aCB357
_b.M8271 1981
100 1 _aMork, Gordon R.
245 1 0 _aModern Western civilization :
_ba concise history /
_cGordon R. Mork.
260 _aWashington, D.C. :
_bUniversity Press of America,
_cc1981.
300 _a241 pages:
_billustrations;
_c23 cm
336 _atext
_btxt
_2rdacontent
337 _aunmediated
_bn
_2rdamedia
338 _avolume
_bnc
_2rdacarrier
500 _aReprint of the 1976 ed. published by Dorsey Press, Homewood, Ill., in series: The Dorsey series in European history.
504 _aIncludes bibliographical references and index.
650 0 _aCivilization, Modern
_xHistory.
650 0 _aCivilization, Western
_xHistory.
942 _2lcc
_cFR
_hCB357
_i.M8271 1981
999 _c99202
_d99199